000
00291nam a2200121Ia 4500
008
150201s2013 xx 000 0 und d
082
_a
6.7
_b
BLA
100
_a
Black Book
245
_a
Web technologies
260
_b
Dreamtech Press
_a
New Delhi
_c
2013
300
_a
1354p.
942
_2
ddc
_c
BK
_0
13
999
_c
5617
_d
5617